000 00666nam a2200289Ia 4500
005 20260324150958.0
008 008 260324s9999 xx 000 0 eng d
020 _a9781315823126
037 _aEBOOK
040 _aCRL
040 _beng
040 _cCRL
041 _2eng
041 _aeng
084 _qCRL
100 _aCharles S. Peirce
_91228299
245 0 _aChance, Love, and Logic
245 0 _bPhilosophical Essays
260 _bTaylor and Francis
260 _c1923
365 _a
365 _b420
856 _uhttp://www.taylorfrancis.com/books/9781315823126
942 _cEBOOK
999 _c1838655
_d1838655